[Event "Llinars del Valles op-A 13th"]
[Site "Llinars del Valles"]
[Date "2019.05.04"]
[Round "4"]
[White "Campo Echevarria, Juan Francisco"]
[Black "Barcelo Tizon, Cristian"]
[Result "1-0"]
[WhiteElo "2071"]
[BlackElo "2048"]
[PlyCount "69"]
[EventDate "2019.03.30"]
[EventType "swiss"]
[EventRounds "8"]
[EventCountry "ESP"]
[SourceTitle "EXT 2020"]
[Source "ChessBase"]
[SourceDate "2019.10.17"]
[SourceVersion "1"]
[SourceVersionDate "2019.10.17"]
[SourceQuality "1"]

1. e4 c5 2. Nf3 e6 3. b3 d5 4. exd5 exd5 5. Bb5+ Bd7 6. Qe2+ Qe7 7. Bxd7+ Nxd7 8. d4 Qxe2+ 9. Kxe2 c4 10. Nc3 Ngf6 11. Nb5 Kd8 12. Ng5 Rg8 13. Nxf7+ Kc8 14. bxc4 dxc4 15. Nbd6+ Kc7 16. Nxc4 Nd5 17. Bd2 Re8+ 18. Kd3 b5 19. Nce5 N7b6 20. Rhe1 Be7 21. Ng5 Bxg5 22. Bxg5 Nb4+ 23. Kd2 Rgf8 24. f3 a6 25. a3 N4d5 26. Kd3 h6 27. Bd2 Rd8 28. c4 bxc4+ 29. Nxc4 Nxc4 30. Kxc4 Kb7 31. Rab1+ Ka7 32. Re5 Nb6+ 33. Kd3 Rd7 34. Bb4 Rf6 35. Bc5 1-0

[Event "Girona-ch"]
[Site "Banyoles"]
[Date "2018.11.25"]
[Round "8"]
[White "Campo Echevarria, Juan Francisco"]
[Black "Lazaro Pujol, Abel"]
[Result "1/2-1/2"]
[WhiteElo "2076"]
[BlackElo "2096"]
[PlyCount "119"]
[EventDate "2018.09.30"]
[EventType "swiss"]
[EventRounds "9"]
[EventCountry "ESP"]
[SourceTitle "CBM 187 Extra"]
[Source "ChessBase"]
[SourceDate "2018.11.04"]
[SourceVersion "1"]
[SourceVersionDate "2018.11.04"]
[SourceQuality "1"]

1. d4 d5 2. c4 e6 3. Nc3 c5 4. cxd5 exd5 5. Nf3 Nc6 6. g3 Nf6 7. Bg2 Be7 8. 0-0 0-0 9. Bg5 cxd4 10. Nxd4 h6 11. Be3 Bg4 12. Qa4 Na5 13. Rfd1 Nc4 14. Qb3 Nxe3 15. fxe3 Re8 16. Nxd5 Bc5 17. Rac1 Rc8 18. Nxf6+ Qxf6 19. Bd5 Bh3 20. Bxb7 Bxd4 21. Rxc8 Bxc8 22. Rxd4 Bxb7 23. Qxb7 Rxe3 24. Qc8+ Kh7 25. Qc2+ g6 26. Rf4 Qe6 27. Kf2 Re5 28. Qc4 Qb6+ 29. Kf1 Re7 30. Rxf7+ Rxf7+ 31. Qxf7+ Kh8 32. Qb3 Qd6 33. Qd3 Qf6+ 34. Qf3 Qb6 35. b3 Qd4 36. a4 Kg7 37. Kg2 h5 38. h4 Qb2 39. Qe3 a5 40. Kf2 Qf6+ 41. Kg2 Qb2 42. Kh3 Qb1 43. Kg2 Qb2 44. Qd3 Kh7 45. Kf3 Qe5 46. e4 Qa1 47. Ke3 Qe5 48. Kf3 Qa1 49. Kf4 Qf6+ 50. Ke3 Qe5 51. Kd2 Qb2+ 52. Kd1 Qe5 53. Kc2 Qc5+ 54. Kb2 Qf2+ 55. Kc3 Qc5+ 56. Kb2 Qf2+ 57. Kb1 Qg1+ 58. Kc2 Qf2+ 59. Kc3 Qc5+ 60. Kb2 1/2-1/2

[Event "Catalunya-chT Gp2"]
[Site "Barcelona"]
[Date "2017.03.04"]
[Round "7.10"]
[White "Campo Echevarria, Juan Francisco"]
[Black "Llados Peiro, Juan Ma"]
[Result "1-0"]
[WhiteElo "2043"]
[BlackElo "2078"]
[PlyCount "73"]
[EventDate "2017.01.21"]
[EventType "team-tourn"]
[EventRounds "7"]
[EventCountry "ESP"]
[SourceTitle "EXT 2018"]
[Source "ChessBase"]
[SourceDate "2017.10.13"]
[SourceVersion "1"]
[SourceVersionDate "2017.10.13"]
[SourceQuality "1"]
[WhiteTeam "Banyoles"]
[BlackTeam "Terrassa"]
[WhiteTeamCountry "ESP"]
[BlackTeamCountry "ESP"]

1. e4 g6 2. d4 Bg7 3. Nc3 c6 4. Nf3 d5 5. h3 dxe4 6. Nxe4 Nf6 7. Nxf6+ Bxf6 8. Bh6 c5 9. Bb5+ Bd7 10. Bxd7+ Qxd7 11. c3 Qe6+ 12. Qe2 Qxe2+ 13. Kxe2 cxd4 14. Nxd4 Bxd4 15. cxd4 Kd7 16. Rac1 Na6 17. Bf4 Rac8 18. a3 Nc7 19. Rxc7+ Rxc7 20. Bxc7 Kxc7 21. Rc1+ Kd6 22. Kd3 Rd8 23. f4 h5 24. Rc5 b6 25. Rc4 Rd7 26. g4 hxg4 27. hxg4 Rd8 28. Ke4 e6 29. g5 a5 30. b4 axb4 31. axb4 b5 32. Rc5 Rb8 33. d5 Re8 34. Rc6+ Kd7 35. Rb6 exd5+ 36. Kxd5 Re3 37. Rb7+ 1-0

[Event "Catalunya-chT Gp2"]
[Site "Barcelona"]
[Date "2017.02.11"]
[Round "4.9"]
[White "Campo Echevarria, Juan Francisco"]
[Black "Carrasco Rodriguez, Jesus"]
[Result "1/2-1/2"]
[WhiteElo "2043"]
[BlackElo "2175"]
[PlyCount "79"]
[EventDate "2017.01.21"]
[EventType "team-tourn"]
[EventRounds "7"]
[EventCountry "ESP"]
[SourceTitle "CBM 176 Extra"]
[Source "ChessBase"]
[SourceDate "2017.03.02"]
[SourceVersion "1"]
[SourceVersionDate "2017.03.02"]
[SourceQuality "1"]
[WhiteTeam "Banyoles"]
[BlackTeam "Barbera"]
[WhiteTeamCountry "ESP"]
[BlackTeamCountry "ESP"]

1. e4 c5 2. Nf3 d6 3. d4 cxd4 4. Nxd4 Nf6 5. f3 a6 6. c4 g6 7. Nc3 Bg7 8. Be3 Nc6 9. Nc2 0-0 10. Qd2 Be6 11. Be2 Rc8 12. Nd5 Nd7 13. 0-0 f5 14. Nd4 Bxd5 15. exd5 Nxd4 16. Bxd4 Bxd4+ 17. Qxd4 f4 18. Rac1 Qb6 19. Qxb6 Nxb6 20. Rfd1 Rc7 21. Rd4 Kg7 22. b3 a5 23. a4 Nd7 24. Re1 Nc5 25. Bd1 Rf5 26. Kf2 Re5 27. Bc2 Rxe1 28. Kxe1 g5 29. g3 fxg3 30. hxg3 Rc8 31. Ke2 Rf8 32. Ke3 h6 33. f4 Kf6 34. Kf3 Kg7 35. Kg4 gxf4 36. Rxf4 Rxf4+ 37. gxf4 Kf6 38. Kh5 Kg7 39. Kg4 Kf6 40. Kh5 1/2-1/2

[Event "Girona Territorial-ch"]
[Site "Girona"]
[Date "2014.10.19"]
[Round "3"]
[White "Vidal Zamora, Alex"]
[Black "Campo Echevarria, Juan Francisco"]
[Result "1-0"]
[WhiteElo "2391"]
[BlackElo "2171"]
[PlyCount "69"]
[EventDate "2014.10.05"]
[EventType "swiss"]
[EventRounds "9"]
[EventCountry "CAT"]
[SourceTitle "CBM 163 Extra"]
[Source "ChessBase"]
[SourceDate "2014.12.23"]
[SourceVersion "1"]
[SourceVersionDate "2014.12.23"]
[SourceQuality "1"]

1. d4 e6 2. c4 d5 3. Nc3 Be7 4. Bf4 Nf6 5. e3 0-0 6. Bd3 dxc4 7. Bxc4 c5 8. dxc5 Bxc5 9. Qxd8 Rxd8 10. Rd1 Rxd1+ 11. Kxd1 Nc6 12. Nf3 b6 13. Ke2 Bb7 14. Rd1 Rd8 15. Rxd8+ Nxd8 16. Nb5 a6 17. Nd6 Bd5 18. Bxa6 Bxa2 19. Nc8 Nc6 20. Bb5 Ne7 21. Nxe7+ Bxe7 22. Nd2 Nd5 23. Be5 f6 24. Bb8 Kf7 25. e4 Nb4 26. Bc4 Bc5 27. Bxa2 Nxa2 28. Nb3 Be7 29. Bc7 b5 30. Nd4 b4 31. Nb3 Ke8 32. Kd3 Kd7 33. Bf4 e5 34. Be3 Kc6 35. Kc2 1-0

[Event "Girona Territorial-ch"]
[Site "Girona"]
[Date "2014.10.05"]
[Round "1"]
[White "Fernandez Alsina, David"]
[Black "Campo Echevarria, Juan Francisco"]
[Result "0-1"]
[WhiteElo "1862"]
[BlackElo "2171"]
[PlyCount "52"]
[EventDate "2014.10.05"]
[EventType "swiss"]
[EventRounds "9"]
[EventCountry "CAT"]
[SourceTitle "CBM 163 Extra"]
[Source "ChessBase"]
[SourceDate "2014.12.23"]
[SourceVersion "1"]
[SourceVersionDate "2014.12.23"]
[SourceQuality "1"]

1. e4 c5 2. d4 cxd4 3. Qxd4 Nc6 4. Qe3 g6 5. Nc3 Bg7 6. Bd2 Nf6 7. h3 d6 8. Bb5 Bd7 9. Bxc6 Bxc6 10. Nf3 0-0 11. 0-0 Nd7 12. Kh1 Nb6 13. b3 Qc8 14. Rac1 Rd8 15. Rfe1 d5 16. exd5 Nxd5 17. Nxd5 Rxd5 18. Re2 Rf5 19. Ng1 Qd7 20. Bc3 Bxc3 21. Qxc3 Rc8 22. Rd2 Qe6 23. Qg3 Qf6 24. b4 Rg5 25. Qe3 Rxg2 26. Ne2 Rg3+ 0-1

[Event "Girona Territorial-ch"]
[Site "Girona"]
[Date "2013.11.17"]
[Round "7"]
[White "Campo Echevarria, Juan Francisco"]
[Black "Aymerich Verdaguer, Eduard"]
[Result "0-1"]
[WhiteElo "2028"]
[BlackElo "1980"]
[PlyCount "116"]
[EventDate "2013.09.22"]
[EventType "swiss"]
[EventRounds "9"]
[EventCountry "ESP"]
[SourceTitle "EXT 2015"]
[Source "ChessBase"]
[SourceDate "2014.11.20"]
[SourceVersion "1"]
[SourceVersionDate "2014.11.20"]
[SourceQuality "1"]

1. d4 Nf6 2. c4 g6 3. g3 Bg7 4. Bg2 d6 5. Nc3 0-0 6. Nf3 Nc6 7. 0-0 h6 8. d5 Na5 9. Nd2 c5 10. Qc2 a6 11. b3 Rb8 12. Bb2 b5 13. Rab1 Nd7 14. Nd1 Bxb2 15. Rxb2 bxc4 16. bxc4 Rb4 17. a3 Rxb2 18. Qxb2 Qb6 19. Qc3 Bb7 20. Ne3 Rb8 21. Rb1 Qc7 22. Bh3 Nf6 23. Ng4 Nxg4 24. Bxg4 Rf8 25. e4 Bc8 26. Bxc8 Rxc8 27. Qb2 f6 28. Kg2 Kf7 29. Kf3 Ke8 30. Qb6 Qxb6 31. Rxb6 Ra8 32. h4 h5 33. Ke3 Kd7 34. f4 Kc7 35. Rb1 Re8 36. Kd3 e6 37. Nf3 exd5 38. exd5 Re7 39. Re1 Rxe1 40. Nxe1 Nb3 41. Nf3 Kb6 42. Kc3 Nc1 43. Ng1 Ka5 44. Kc2 Ka4 45. Kxc1 Kxa3 46. Kc2 Kb4 47. Kd3 a5 48. Ne2 Kb3 49. Nc1+ Kb2 50. Kd2 a4 51. Nd3+ Kb1 52. Nxc5 dxc5 53. d6 a3 54. d7 a2 55. d8Q a1Q 56. Qb6+ Qb2+ 57. Qxb2+ Kxb2 58. Kd3 f5 0-1

[Event "Figueres op 12th"]
[Site "Figueres"]
[Date "2011.08.13"]
[Round "3"]
[White "Campo Echevarria, Juan Francisco"]
[Black "Colomer Camarasa, Jordi"]
[Result "1-0"]
[WhiteElo "2112"]
[BlackElo "1947"]
[PlyCount "111"]
[EventDate "2011.08.11"]
[EventType "swiss"]
[EventRounds "9"]
[EventCountry "ESP"]
[SourceTitle "CBM 143 Extra"]
[Source "ChessBase"]
[SourceDate "2011.08.29"]
[SourceVersion "1"]
[SourceVersionDate "2011.08.29"]
[SourceQuality "1"]

1. e4 g6 2. d4 Bg7 3. c3 d5 4. exd5 Qxd5 5. Nf3 c5 6. Be3 cxd4 7. Bxd4 Bxd4 8. Qxd4 Qxd4 9. Nxd4 a6 10. Be2 e5 11. Nb3 Ne7 12. N1d2 0-0 13. Nc4 Nbc6 14. Nb6 Rb8 15. 0-0-0 Bf5 16. g4 Be6 17. Nc5 Rfd8 18. Nxe6 fxe6 19. Bc4 Kf7 20. Rhe1 Rxd1+ 21. Rxd1 Rd8 22. Rxd8 Nxd8 23. Kd2 g5 24. Ke3 Ng6 25. Bd3 Nf8 26. Be4 h6 27. b4 Ke7 28. a4 Nd7 29. Nc8+ Kf6 30. a5 Kg7 31. h3 Kf6 32. Kd3 Kg7 33. f3 Kf6 34. Kc4 Nc6 35. Nd6 Ndb8 36. Nxb7 Ke7 37. Kc5 Kd7 38. Kb6 Ne7 39. Nc5+ Kd6 40. Kb7 Nbc6 41. Bxc6 Nxc6 42. Kxa6 e4 43. Nxe4+ Kc7 44. b5 Ne5 45. Nd2 Nd3 46. b6+ Kb8 47. Kb5 Nf4 48. a6 Nxh3 49. Kc6 Nf4 50. c4 e5 51. Kd6 Nd3 52. c5 Nb4 53. a7+ Kb7 54. c6+ Nxc6 55. a8Q+ Kxa8 56. Kxc6 1-0

[Event "Olot Volcans op 2nd"]
[Site "Olot"]
[Date "2011.04.30"]
[Round "6"]
[White "Campo Echevarria, Juan Francisco"]
[Black "Triadu Cassa, Jordi"]
[Result "1/2-1/2"]
[WhiteElo "2114"]
[BlackElo "2047"]
[PlyCount "71"]
[EventDate "2011.04.09"]
[EventType "swiss"]
[EventRounds "8"]
[EventCountry "ESP"]
[SourceTitle "CBM 142 Extra"]
[Source "ChessBase"]
[SourceDate "2011.06.27"]
[SourceVersion "1"]
[SourceVersionDate "2011.06.27"]
[SourceQuality "1"]

1. d4 d5 2. c4 c6 3. Nf3 Nf6 4. Nc3 dxc4 5. a4 Bf5 6. Ne5 Nbd7 7. Nxc4 Qc7 8. g3 e5 9. dxe5 Nxe5 10. Bf4 Nfd7 11. Bg2 f6 12. 0-0 Rd8 13. Nxe5 Nxe5 14. Qb3 Qf7 15. Qxf7+ Kxf7 16. Bxe5 fxe5 17. Rfd1 Bb4 18. a5 Rxd1+ 19. Nxd1 a6 20. Ne3 Be6 21. Ra4 Be7 22. Nc4 Kf6 23. b3 Rd8 24. Ra1 Bc5 25. Be4 Rd4 26. Bxh7 Bxc4 27. bxc4 g6 28. Rb1 Rd7 29. Bg8 Rg7 30. Kg2 Rxg8 31. Rxb7 Ke6 32. h4 Rf8 33. e3 e4 34. Rg7 Rf6 35. Rc7 Kd6 36. Rc8 1/2-1/2

[Event "Vilanova op 37th"]
[Site "Salt"]
[Date "2011.04.29"]
[Round "1.5"]
[White "Vidal Palou, Jordi"]
[Black "Campo Echevarria, Juan Francisco"]
[Result "0-1"]
[WhiteElo "1730"]
[BlackElo "2114"]
[PlyCount "95"]
[EventDate "2011.04.29"]
[EventType "swiss"]
[EventRounds "9"]
[EventCountry "ESP"]
[SourceTitle "EXT 2024"]
[Source "ChessBase"]
[SourceDate "2023.10.10"]
[SourceVersion "1"]
[SourceVersionDate "2023.10.10"]
[SourceQuality "1"]

1. d4 Nf6 2. Bf4 e6 3. Nf3 c5 4. e3 b6 5. Bxb8 Rxb8 6. g3 Bb7 7. Bg2 Be7 8. Nbd2 0-0 9. c3 cxd4 10. cxd4 Ba6 11. Qa4 Qc8 12. Bf1 Bxf1 13. Kxf1 Qb7 14. Kg2 Rfc8 15. Rhc1 b5 16. Qd1 h6 17. Rxc8+ Rxc8 18. Rc1 a5 19. Rc2 a4 20. Qc1 Rxc2 21. Qxc2 Nd5 22. Kf1 Nb4 23. Qb1 Qc7 24. Ne1 h5 25. a3 Nd5 26. Qc2 Qb8 27. Nd3 h4 28. e4 Nf6 29. e5 Nd5 30. Nc5 d6 31. exd6 Bxd6 32. Nde4 Be7 33. b3 hxg3 34. hxg3 Qa7 35. bxa4 bxa4 36. Qxa4 Qxa4 37. Nxa4 Bxa3 38. Nd2 Be7 39. Nf3 Nc7 40. Nc3 f5 41. Nd2 Bf6 42. Nb3 Kf7 43. Ke2 g5 44. f3 Ke7 45. f4 Kd6 46. fxg5 Bxg5 47. Kf2 Nd5 48. Ne2 0-1

[Event "Girona op 1st"]
[Site "Girona"]
[Date "2010.07.21"]
[Round "9"]
[White "Ferrer Roche, Marc"]
[Black "Campo Echevarria, Juan Francisco"]
[Result "1/2-1/2"]
[WhiteElo "2063"]
[BlackElo "1989"]
[PlyCount "67"]
[EventDate "2010.07.13"]
[EventType "swiss"]
[EventRounds "9"]
[EventCountry "ESP"]
[SourceTitle "CBM 137 Extra"]
[Source "ChessBase"]
[SourceDate "2010.09.01"]
[SourceVersion "1"]
[SourceVersionDate "2010.09.01"]
[SourceQuality "1"]

1. d4 Nf6 2. Nf3 e6 3. c4 Bb4+ 4. Bd2 Qe7 5. Qb3 a5 6. a3 Bxd2+ 7. Nbxd2 d6 8. e4 e5 9. dxe5 dxe5 10. Bd3 0-0 11. 0-0 Re8 12. Qc3 c5 13. Bc2 a4 14. Rfe1 Bg4 15. Bd1 Bxf3 16. Bxf3 Nc6 17. g3 Nd4 18. Bg2 Nd7 19. Nf1 g6 20. Ne3 Nb6 21. Nd5 Nxd5 22. cxd5 b5 23. Rac1 Nb3 24. Rc2 Rec8 25. f4 Nd4 26. Rf2 f6 27. fxe5 fxe5 28. Ref1 Rf8 29. Qe3 Rxf2 30. Qxf2 Rf8 31. Qxf8+ Qxf8 32. Rxf8+ Kxf8 33. Bf1 b4 34. Kf2 1/2-1/2

[Event "Girona op 1st"]
[Site "Girona"]
[Date "2010.07.20"]
[Round "8"]
[White "Salgado Allaria, Carlos Fernando"]
[Black "Campo Echevarria, Juan Francisco"]
[Result "1/2-1/2"]
[WhiteElo "2325"]
[BlackElo "1989"]
[PlyCount "37"]
[EventDate "2010.07.13"]
[EventType "swiss"]
[EventRounds "9"]
[EventCountry "ESP"]
[SourceTitle "CBM 137 Extra"]
[Source "ChessBase"]
[SourceDate "2010.09.01"]
[SourceVersion "1"]
[SourceVersionDate "2010.09.01"]
[SourceQuality "1"]

1. d4 Nf6 2. Nf3 e6 3. e3 b6 4. Bd3 Bb7 5. 0-0 Be7 6. Nbd2 d5 7. Ne5 0-0 8. f4 c5 9. c3 Nbd7 10. Qf3 Ne8 11. Qh3 f5 12. Nxd7 Qxd7 13. Nf3 Nd6 14. Bd2 Ne4 15. Be1 Rf6 16. Ne5 Qe8 17. Bxe4 dxe4 18. g4 Ba6 19. Rf2 1/2-1/2

[Event "Girona op 1st"]
[Site "Girona"]
[Date "2010.07.15"]
[Round "3"]
[White "Campo Echevarria, Juan Francisco"]
[Black "Mundet Riera, Jaume"]
[Result "0-1"]
[WhiteElo "1989"]
[BlackElo "2147"]
[PlyCount "42"]
[EventDate "2010.07.13"]
[EventType "swiss"]
[EventRounds "9"]
[EventCountry "ESP"]
[SourceTitle "CBM 137 Extra"]
[Source "ChessBase"]
[SourceDate "2010.09.01"]
[SourceVersion "1"]
[SourceVersionDate "2010.09.01"]
[SourceQuality "1"]

1. e4 d6 2. d4 Nf6 3. Bd3 e5 4. c3 c6 5. f4 Nbd7 6. Nf3 exd4 7. cxd4 d5 8. e5 Ne4 9. Bxe4 dxe4 10. Ng5 f5 11. Ne6 Qb6 12. Nc3 Nxe5 13. Nxg7+ Bxg7 14. fxe5 0-0 15. Na4 Qb4+ 16. Kf2 Be6 17. a3 Qe7 18. Bd2 f4 19. Bb4 Qh4+ 20. Kg1 f3 21. Bxf8 f2+ 0-1

[Event "Olot dels Volcans op"]
[Site "Olot"]
[Date "2010.05.29"]
[Round "3.2"]
[White "Campo Echevarria, Juan Francisco"]
[Black "Salgado Allaria, Carlos Fernando"]
[Result "1-0"]
[WhiteElo "2093"]
[BlackElo "2315"]
[PlyCount "55"]
[EventDate "2010.05.22"]
[EventType "swiss"]
[EventRounds "8"]
[EventCountry "ESP"]
[SourceTitle "EXT 2024"]
[Source "ChessBase"]
[SourceDate "2023.10.10"]
[SourceVersion "1"]
[SourceVersionDate "2023.10.10"]
[SourceQuality "1"]

1. e4 c5 2. Nc3 e6 3. f4 d5 4. Nf3 d4 5. Ne2 Nc6 6. Ng3 Qc7 7. Bb5 Qxf4 8. Bxc6+ bxc6 9. d3 Qc7 10. 0-0 f6 11. b3 Bd6 12. e5 Bxe5 13. Nxe5 Qxe5 14. Ne4 Qd5 15. Qg4 g6 16. Rxf6 Bd7 17. Qg3 0-0-0 18. Nd6+ Kb8 19. Nf7+ e5 20. Rf2 Ne7 21. Nxd8 Rxd8 22. Qh4 Re8 23. Bd2 h5 24. Re1 Bf5 25. Rxe5 Qxe5 26. Bf4 Nd5 27. Bxe5+ Rxe5 28. Qg3 1-0

[Event "Gironi-ch A"]
[Site "Sant Gregori"]
[Date "2007.11.25"]
[Round "8.7"]
[White "Campo Echevarria, Juan Francisco"]
[Black "Badosa Romanyo, Albert"]
[Result "1/2-1/2"]
[WhiteElo "2047"]
[BlackElo "1878"]
[PlyCount "103"]
[EventDate "2007.10.07"]
[EventType "swiss"]
[EventRounds "8"]
[EventCountry "ESP"]
[SourceTitle "EXT 2024"]
[Source "ChessBase"]
[SourceDate "2023.10.10"]
[SourceVersion "1"]
[SourceVersionDate "2023.10.10"]
[SourceQuality "1"]

1. e4 c6 2. d4 d5 3. e5 Bf5 4. Nc3 e6 5. g4 Bg6 6. Nge2 h6 7. h4 c5 8. Be3 cxd4 9. Nxd4 Bb4 10. f4 Be4 11. Rh3 Bxc3+ 12. bxc3 a6 13. Bd3 Qd7 14. Qd2 Bxd3 15. Qxd3 Nc6 16. Nxc6 Qxc6 17. Rb1 b5 18. f5 Qc4 19. Rb4 Qxd3 20. cxd3 Ne7 21. Rf4 Rc8 22. Kd2 h5 23. fxe6 fxe6 24. a4 hxg4 25. Rxg4 Nf5 26. axb5 axb5 27. Rb4 Kd7 28. Rxb5 Rxh4 29. Rxh4 Nxh4 30. Rb7+ Rc7 31. Rb6 Rc6 32. Rb7+ Rc7 33. Rb6 Rc6 34. Rb8 Rc8 35. Rxc8 Kxc8 36. Ke2 Kd7 37. Bf2 Nf5 38. Kf3 Ne7 39. Bc5 Nc6 40. Bd6 Ke8 41. Kg4 Kf7 42. Kg5 Nd8 43. c4 dxc4 44. dxc4 Nc6 45. Bc7 Ne7 46. Ba5 Nc6 47. Bc3 Ne7 48. Bb4 Nc6 49. Bd6 Na5 50. c5 Nc6 51. Bc7 Nd4 52. Bd6 1/2-1/2

[Event "Gironi-ch A"]
[Site "Sant Gregori"]
[Date "2007.11.18"]
[Round "7.5"]
[White "Montpart Pons, Jordi"]
[Black "Campo Echevarria, Juan Francisco"]
[Result "1-0"]
[WhiteElo "1990"]
[BlackElo "2047"]
[PlyCount "87"]
[EventDate "2007.10.07"]
[EventType "swiss"]
[EventRounds "8"]
[EventCountry "ESP"]
[SourceTitle "EXT 2024"]
[Source "ChessBase"]
[SourceDate "2023.10.10"]
[SourceVersion "1"]
[SourceVersionDate "2023.10.10"]
[SourceQuality "1"]

1. d4 Nf6 2. c4 g6 3. Nc3 Bg7 4. e4 d6 5. g3 0-0 6. Bg2 Nc6 7. Nge2 Bg4 8. f3 Bd7 9. 0-0 Qc8 10. Nd5 e6 11. Ndc3 e5 12. d5 Ne7 13. g4 h5 14. h3 hxg4 15. fxg4 Nh7 16. Ng3 f5 17. exf5 gxf5 18. gxf5 Nxf5 19. Nh5 Nh4 20. Nxg7 Nxg2 21. Ne6 Rxf1+ 22. Kxf1 Bxe6 23. dxe6 Nf4 24. Qg4+ Kh8 25. Bxf4 exf4 26. Nd5 Qg8 27. Qxg8+ Kxg8 28. Nxc7 Rc8 29. e7 Nf6 30. Nb5 Ne8 31. b3 a6 32. Nd4 Kf7 33. Re1 Rc7 34. Kf2 Rxe7 35. Rxe7+ Kxe7 36. Kf3 Nc7 37. Kxf4 b5 38. h4 bxc4 39. bxc4 Kf7 40. Kf5 Ne8 41. Nf3 Ng7+ 42. Ke4 Kf6 43. Nd4 Ne8 44. Nf3 1-0

[Event "Gironi-ch A"]
[Site "Sant Gregori"]
[Date "2007.11.11"]
[Round "6.6"]
[White "Van Arkel, Johannes"]
[Black "Campo Echevarria, Juan Francisco"]
[Result "0-1"]
[WhiteElo "1897"]
[BlackElo "2047"]
[PlyCount "74"]
[EventDate "2007.10.07"]
[EventType "swiss"]
[EventRounds "8"]
[EventCountry "ESP"]
[SourceTitle "EXT 2024"]
[Source "ChessBase"]
[SourceDate "2023.10.10"]
[SourceVersion "1"]
[SourceVersionDate "2023.10.10"]
[SourceQuality "1"]

1. Nc3 d5 2. e4 c6 3. g3 g6 4. Bg2 Nf6 5. e5 Ng4 6. d4 Bg7 7. h3 Nh6 8. Nf3 Na6 9. 0-0 0-0 10. Bf4 f6 11. Qd2 Nf7 12. exf6 exf6 13. h4 Nc7 14. Bxc7 Qxc7 15. Rfe1 Bd7 16. Re7 Rfe8 17. Rae1 Bf8 18. Rxe8 Rxe8 19. Rxe8 Bxe8 20. Bh3 Bd6 21. Qe3 Bd7 22. Bxd7 Qxd7 23. Kg2 Kg7 24. Ne2 Nh6 25. Nf4 Nf5 26. Qe6 Qc7 27. Nh5+ Kh6 28. Nxf6 Bxg3 29. Ng4+ Kg7 30. Qf6+ Kg8 31. h5 Bxf2 32. Nh6+ Nxh6 33. Qe6+ Kg7 34. Kxf2 Nf5 35. Ne5 Qe7 36. h6+ Kxh6 37. Ng4+ Kg7 0-1

[Event "Gironi-ch A"]
[Site "Sant Gregori"]
[Date "2007.10.28"]
[Round "4.4"]
[White "Diaz Comas, Jordi"]
[Black "Campo Echevarria, Juan Francisco"]
[Result "1/2-1/2"]
[WhiteElo "1941"]
[BlackElo "2047"]
[PlyCount "67"]
[EventDate "2007.10.07"]
[EventType "swiss"]
[EventRounds "8"]
[EventCountry "ESP"]
[SourceTitle "EXT 2024"]
[Source "ChessBase"]
[SourceDate "2023.10.10"]
[SourceVersion "1"]
[SourceVersionDate "2023.10.10"]
[SourceQuality "1"]

1. e4 e5 2. Bc4 Nf6 3. d3 Bc5 4. Nc3 d6 5. f4 Bg4 6. Nf3 Nbd7 7. Na4 Qe7 8. Nxc5 Nxc5 9. fxe5 dxe5 10. 0-0 0-0 11. Be3 Rad8 12. Qe2 Ne6 13. Qf2 Bxf3 14. Qxf3 Nd4 15. Qd1 b5 16. Bb3 Rd6 17. Bg5 h6 18. Bh4 g5 19. Bg3 Nxe4 20. Bxf7+ Rxf7 21. Rxf7 Kxf7 22. dxe4 Kg6 23. Qg4 Rf6 24. h4 Rf8 25. a3 Nxc2 26. Rc1 Ne3 27. h5+ Kg7 28. Qe2 Nc4 29. b3 Nd6 30. Bf2 a6 31. Bc5 Qf6 32. b4 Qf4 33. Rd1 Rf6 34. Bxd6 1/2-1/2

[Event "Gironi-ch A"]
[Site "Sant Gregori"]
[Date "2007.10.21"]
[Round "3.7"]
[White "Campo Echevarria, Juan Francisco"]
[Black "Casanellas Ruano, Lluis"]
[Result "1-0"]
[WhiteElo "2047"]
[BlackElo "2126"]
[PlyCount "89"]
[EventDate "2007.10.07"]
[EventType "swiss"]
[EventRounds "8"]
[EventCountry "ESP"]
[SourceTitle "EXT 2024"]
[Source "ChessBase"]
[SourceDate "2023.10.10"]
[SourceVersion "1"]
[SourceVersionDate "2023.10.10"]
[SourceQuality "1"]

1. e4 c6 2. d4 d5 3. e5 Bf5 4. Nc3 e6 5. g4 Bg6 6. Nge2 Qh4 7. Nf4 Nh6 8. Nxg6 hxg6 9. Be2 Qh3 10. Be3 Be7 11. Kd2 Nd7 12. Qg1 a6 13. Qg3 Qh4 14. f4 Bd8 15. Rae1 Qe7 16. Bd3 Ba5 17. f5 Nf8 18. h4 Kd7 19. Rhf1 b5 20. Bg5 Qb4 21. Kc1 Qxd4 22. Rf4 Qc5 23. f6 gxf6 24. Rxf6 Bxc3 25. bxc3 Ke8 26. Qf4 Nd7 27. Rxe6+ Kf8 28. Bxh6+ Kg8 29. Rf1 Rh7 30. Bxg6 fxg6 31. Rxg6+ Kh8 32. e6 Qxc3 33. exd7 Rxd7 34. Qf6+ Qxf6 35. Rfxf6 Re8 36. Rf8+ Rxf8 37. Bxf8 Rf7 38. Bc5 Rf4 39. h5 Rc4 40. Be7 Kh7 41. Bf6 Rf4 42. g5 Rh4 43. Rg7+ Kh8 44. h6 Rf4 45. Rc7+ 1-0

[Event "Figueres op 07th"]
[Site "Figueres"]
[Date "2006.08.12"]
[Round "6"]
[White "Casanellas Ruano, Lluis"]
[Black "Campo Echevarria, Juan Francisco"]
[Result "1-0"]
[WhiteElo "1931"]
[BlackElo "2133"]
[PlyCount "59"]
[EventDate "2006.08.08"]
[EventType "swiss"]
[EventRounds "9"]
[EventCountry "ESP"]
[SourceTitle "CBM 113 Extra"]
[Source "ChessBase"]
[SourceDate "2006.09.14"]
[SourceVersion "1"]
[SourceVersionDate "2006.09.14"]
[SourceQuality "1"]

1. e4 c5 2. Nf3 e6 3. b3 b6 4. d4 Bb7 5. Bd3 Nf6 6. e5 Nd5 7. 0-0 Be7 8. dxc5 bxc5 9. Qe2 f5 10. Bc4 Nb6 11. Na3 0-0 12. Rd1 a6 13. Bxe6+ Kh8 14. Bc4 Qc7 15. Bb2 d5 16. exd6 Bxd6 17. Qe6 Bf4 18. Be5 Bxe5 19. Qxe5 Qc8 20. Ng5 N8d7 21. Qe6 Qc6 22. Nf7+ Rxf7 23. Qxc6 Bxc6 24. Bxf7 Rf8 25. Bc4 a5 26. Rd6 Rc8 27. Re1 g6 28. f3 a4 29. Ree6 Nb8 30. Ba6 1-0